[Event "DVM U14 2021"]
[Site "Willingen GER"]
[Date "2022.08.13"]
[Round "1"]
[White "Sun, Christopher"]
[Black "Fettig, Michel"]
[Result "0-1"]
[Termination "normal"]
[Board "10.4"]
[WhiteElo "1091"]
[BlackElo "1370"]
[WhiteClock "00:53:15"]
[BlackClock "00:59:17"]
[WhiteTeam "Karlsruher SF 1853"]
[BlackTeam "SC ML Kastellaun"]
[PlyCount "110"]
[WhiteFideId "34630368"]
[BlackFideId "34608982"]
[EventCountry "GER"]
[EventRounds "7"]
[EventType "team-swiss"]
[EventDate "2022.08.12"]

1. d4 {[%clk 01:30:46]} {[%emt 00:00:02]} d5 {[%clk 01:30:54]} {[%emt
00:00:17]} 2. Nf3 {[%clk 01:30:55]} {[%emt 00:00:21]} Nf6 {[%clk 01:30:39]}
{[%emt 00:00:46]} 3. g3 {[%clk 01:30:35]} {[%emt 00:00:50]} Bf5 {[%clk
01:29:13]} {[%emt 00:01:56]} 4. Bg2 {[%clk 01:30:15]} {[%emt 00:00:49]} e6
{[%clk 01:29:20]} {[%emt 00:00:23]} 5. O-O {[%clk 01:30:07]} {[%emt 00:00:39]}
Bd6 {[%clk 01:28:56]} {[%emt 00:00:54]} 6. c4 {[%clk 01:28:38]} {[%emt
00:01:58]} c6 {[%clk 01:29:00]} {[%emt 00:00:26]} 7. cxd5 {[%clk 01:26:57]}
{[%emt 00:02:10]} cxd5 {[%clk 01:27:08]} {[%emt 00:02:24]} 8. Nc3 {[%clk
01:27:06]} {[%emt 00:00:21]} O-O {[%clk 01:26:50]} {[%emt 00:00:48]} 9. Nh4
{[%clk 01:26:20]} {[%emt 00:01:16]} Bg6 {[%clk 01:26:20]} {[%emt 00:00:58]} 10.
Nxg6 {[%clk 01:26:19]} {[%emt 00:00:31]} fxg6 {[%clk 01:26:10]} {[%emt
00:00:42]} 11. e4 {[%clk 01:25:59]} {[%emt 00:00:51]} dxe4 {[%clk 01:25:36]}
{[%emt 00:01:03]} 12. Nxe4 {[%clk 01:25:23]} {[%emt 00:01:05]} Nc6 {[%clk
01:24:14]} {[%emt 00:01:54]} 13. Bg5 {[%clk 01:21:46]} {[%emt 00:04:07]} Be7
{[%clk 01:20:40]} {[%emt 00:04:04]} 14. Nc5 {[%clk 01:19:21]} {[%emt 00:02:55]}
Bxc5 {[%clk 01:18:39]} {[%emt 00:02:31]} 15. dxc5 {[%clk 01:18:51]} {[%emt
00:01:00]} Qxd1 {[%clk 01:16:13]} {[%emt 00:02:55]} 16. Raxd1 {[%clk 01:18:33]}
{[%emt 00:00:47]} Rad8 {[%clk 01:15:15]} {[%emt 00:01:30]} 17. Bh3 {[%clk
01:17:37]} {[%emt 00:01:26]} Nd4 {[%clk 01:13:34]} {[%emt 00:02:11]} 18. Kg2
{[%clk 01:15:53]} {[%emt 00:02:14]} Nf5 {[%clk 01:10:36]} {[%emt 00:03:28]} 19.
Bxf6 {[%clk 01:15:04]} {[%emt 00:01:15]} gxf6 {[%clk 01:10:53]} {[%emt
00:00:17]} 20. b4 {[%clk 01:12:53]} {[%emt 00:02:40]} Kf7 {[%clk 01:10:09]}
{[%emt 00:01:14]} 21. b5 {[%clk 01:12:06]} {[%emt 00:01:18]} Ke7 {[%clk
01:08:47]} {[%emt 00:01:51]} 22. c6 {[%clk 01:10:56]} {[%emt 00:01:40]} bxc6
{[%clk 01:08:26]} {[%emt 00:00:52]} 23. bxc6 {[%clk 01:11:04]} {[%emt
00:00:21]} Nd6 {[%clk 01:08:37]} {[%emt 00:00:19]} 24. Rfe1 {[%clk 01:11:03]}
{[%emt 00:00:31]} f5 {[%clk 01:08:45]} {[%emt 00:00:22]} 25. Rd5 {[%clk
01:09:09]} {[%emt 00:02:24]} Rc8 {[%clk 01:07:32]} {[%emt 00:01:43]} 26. Ra5
{[%clk 01:08:33]} {[%emt 00:01:06]} Rc7 {[%clk 01:06:31]} {[%emt 00:01:31]} 27.
Rc1 {[%clk 01:08:14]} {[%emt 00:00:50]} Ra8 {[%clk 01:04:44]} {[%emt 00:02:16]}
28. Kf3 {[%clk 01:07:33]} {[%emt 00:01:11]} Ne4 {[%clk 01:03:47]} {[%emt
00:01:28]} 29. Kf4 {[%clk 01:05:54]} {[%emt 00:02:07]} Kf6 {[%clk 01:03:17]}
{[%emt 00:01:02]} 30. f3 {[%clk 01:05:14]} {[%emt 00:01:09]} Nd6 {[%clk
00:59:41]} {[%emt 00:04:06]} 31. Bf1 {[%clk 01:01:31]} {[%emt 00:04:13]} Rac8
{[%clk 00:58:26]} {[%emt 00:01:45]} 32. Rac5 {[%clk 00:59:57]} {[%emt
00:02:04]} g5+ {[%clk 00:57:05]} {[%emt 00:01:51]} 33. Ke3 {[%clk 01:00:02]}
{[%emt 00:00:24]} Nf7 {[%clk 00:56:13]} {[%emt 00:01:22]} 34. Ba6 {[%clk
00:59:18]} {[%emt 00:01:15]} Rb8 {[%clk 00:56:04]} {[%emt 00:00:38]} 35. Bb7
{[%clk 00:58:24]} {[%emt 00:01:25]} Nd6 {[%clk 00:55:41]} {[%emt 00:00:54]} 36.
Ba6 {[%clk 00:57:15]} {[%emt 00:01:38]} Rb6 {[%clk 00:56:00]} {[%emt 00:00:12]}
37. Bc4 {[%clk 00:56:16]} {[%emt 00:01:28]} Rbxc6 {[%clk 00:56:04]} {[%emt
00:00:27]} 38. Rxc6 {[%clk 00:55:21]} {[%emt 00:01:23]} Rxc6 {[%clk 00:56:16]}
{[%emt 00:00:19]} 39. Kd4 {[%clk 00:55:14]} {[%emt 00:00:37]} Rxc4+ {[%clk
00:56:03]} {[%emt 00:00:44]} 40. Rxc4 {[%clk 00:55:08]} {[%emt 00:00:34]} Nxc4
{[%clk 00:56:26]} {[%emt 00:00:08]} 41. Kxc4 {[%clk 00:55:14]} {[%emt
00:00:25]} e5 {[%clk 00:56:41]} {[%emt 00:00:14]} 42. Kd3 {[%clk 00:54:53]}
{[%emt 00:00:52]} Ke6 {[%clk 00:56:52]} {[%emt 00:00:19]} 43. g4 {[%clk
00:52:52]} {[%emt 00:02:30]} fxg4 {[%clk 00:56:30]} {[%emt 00:00:52]} 44. fxg4
{[%clk 00:52:59]} {[%emt 00:00:24]} Kd5 {[%clk 00:56:53]} {[%emt 00:00:06]} 45.
Ke3 {[%clk 00:52:17]} {[%emt 00:01:12]} e4 {[%clk 00:56:50]} {[%emt 00:00:33]}
46. a3 {[%clk 00:51:41]} {[%emt 00:01:06]} a6 {[%clk 00:57:15]} {[%emt
00:00:05]} 47. h3 {[%clk 00:51:40]} {[%emt 00:00:31]} h6 {[%clk 00:57:44]}
{[%emt 00:00:02]} 48. a4 {[%clk 00:52:02]} {[%emt 00:00:08]} a5 {[%clk
00:58:12]} {[%emt 00:00:01]} 49. Kd2 {[%clk 00:52:18]} {[%emt 00:00:14]} Kd4
{[%clk 00:58:39]} {[%emt 00:00:04]} 50. Ke2 {[%emt 00:00:13]} e3 {[%emt
00:00:04]} 51. Ke1 {[%clk 00:52:09]} {[%emt 00:00:23]} Ke4 {[%clk 00:58:59]}
{[%emt 00:00:09]} 52. Ke2 {[%clk 00:52:23]} {[%emt 00:00:16]} Kf4 {[%clk
00:59:27]} {[%emt 00:00:02]} 53. Ke1 {[%clk 00:52:38]} {[%emt 00:00:14]} Kg3
{[%clk 00:59:00]} {[%emt 00:00:57]} 54. Ke2 {[%clk 00:52:57]} {[%emt 00:00:11]}
Kxh3 {[%clk 00:59:17]} {[%emt 00:00:13]} 55. Kxe3 {[%clk 00:53:15]} {[%emt
00:00:12]} Kxg4 {[%emt 00:00:14]} 0-1

[Event "DVM U14 2021"]
[Site "Willingen GER"]
[Date "2022.08.13"]
[Round "2"]
[White "Widmann, Maximilian"]
[Black "Pichl, Christoph"]
[Result "1-0"]
[Termination "normal"]
[Board "1.4"]
[WhiteElo "1573"]
[BlackElo "1617"]
[WhiteClock "00:03:57"]
[BlackClock "00:21:05"]
[WhiteTeam "VfB Schach Leipzig"]
[BlackTeam "SK Bad Homburg 1927"]
[PlyCount "113"]
[WhiteFideId "16281691"]
[BlackFideId "16249739"]
[EventCountry "GER"]
[EventRounds "7"]
[EventType "team-swiss"]
[EventDate "2022.08.12"]

1. Nf3 {[%clk 01:30:56]} {[%emt 00:00:03]} d5 {[%clk 01:30:53]} {[%emt
00:00:07]} 2. c4 {[%clk 01:31:12]} {[%emt 00:00:15]} dxc4 {[%clk 01:27:14]}
{[%emt 00:04:09]} 3. Na3 {[%clk 01:26:42]} {[%emt 00:04:59]} Nf6 {[%clk
01:27:14]} {[%emt 00:00:30]} 4. Nxc4 {[%clk 01:25:30]} {[%emt 00:01:42]} g6
{[%clk 01:26:55]} {[%emt 00:00:49]} 5. d4 {[%clk 01:20:48]} {[%emt 00:05:11]}
Bg7 {[%clk 01:25:40]} {[%emt 00:01:45]} 6. g3 {[%clk 01:18:49]} {[%emt
00:02:30]} Bg4 {[%clk 01:24:58]} {[%emt 00:01:12]} 7. Nce5 {[%clk 01:14:52]}
{[%emt 00:04:27]} Nbd7 {[%clk 01:22:03]} {[%emt 00:03:25]} 8. Bf4 {[%clk
01:05:12]} {[%emt 00:10:09]} O-O {[%clk 01:19:37]} {[%emt 00:02:57]} 9. Bg2
{[%clk 01:02:02]} {[%emt 00:03:39]} c6 {[%clk 01:17:58]} {[%emt 00:02:10]} 10.
O-O {[%clk 00:53:45]} {[%emt 00:08:47]} Bf5 {[%clk 01:17:29]} {[%emt 00:00:59]}
11. Re1 {[%clk 00:46:15]} {[%emt 00:07:59]} Nd5 {[%clk 01:07:28]} {[%emt
00:10:32]} 12. Nxd7 {[%clk 00:41:03]} {[%emt 00:05:43]} Bxd7 {[%clk 01:07:42]}
{[%emt 00:00:15]} 13. Bd2 {[%clk 00:37:48]} {[%emt 00:03:44]} Qb6 {[%clk
01:05:31]} {[%emt 00:02:40]} 14. e4 {[%clk 00:35:47]} {[%emt 00:02:33]} Nf6
{[%clk 00:58:43]} {[%emt 00:07:18]} 15. Bc3 {[%clk 00:34:59]} {[%emt 00:01:18]}
Rad8 {[%clk 00:57:22]} {[%emt 00:01:50]} 16. Qd2 {[%clk 00:25:35]} {[%emt
00:09:52]} Be6 {[%clk 00:55:13]} {[%emt 00:02:41]} 17. Ba5 {[%clk 00:21:09]}
{[%emt 00:04:56]} Qb5 {[%clk 00:47:56]} {[%emt 00:07:46]} 18. Bxd8 {[%clk
00:20:35]} {[%emt 00:01:04]} Rxd8 {[%clk 00:48:19]} {[%emt 00:00:08]} 19. a4
{[%clk 00:16:16]} {[%emt 00:04:49]} Qb6 {[%clk 00:46:35]} {[%emt 00:02:14]} 20.
Rad1 {[%clk 00:14:23]} {[%emt 00:02:23]} Ne8 {[%clk 00:38:20]} {[%emt
00:08:45]} 21. Qe3 {[%clk 00:09:46]} {[%emt 00:05:07]} Bb3 {[%clk 00:33:45]}
{[%emt 00:05:05]} 22. Rd2 {[%clk 00:09:04]} {[%emt 00:01:13]} Nd6 {[%clk
00:31:15]} {[%emt 00:03:00]} 23. Qc3 {[%clk 00:08:22]} {[%emt 00:01:12]} Bxa4
{[%clk 00:27:30]} {[%emt 00:04:14]} 24. Qc5 {[%clk 00:08:07]} {[%emt 00:00:44]}
Qc7 {[%clk 00:23:33]} {[%emt 00:04:27]} 25. Qxa7 {[%clk 00:08:02]} {[%emt
00:00:35]} Bb5 {[%clk 00:23:53]} {[%emt 00:00:09]} 26. d5 {[%clk 00:07:45]}
{[%emt 00:00:48]} Nc4 {[%clk 00:22:33]} {[%emt 00:01:49]} 27. Rc2 {[%clk
00:07:15]} {[%emt 00:01:00]} Nxb2 {[%clk 00:21:58]} {[%emt 00:01:05]} 28. dxc6
{[%clk 00:06:42]} {[%emt 00:01:03]} Bxc6 {[%clk 00:20:19]} {[%emt 00:02:09]}
29. Rb1 {[%clk 00:06:46]} {[%emt 00:00:27]} Nd3 {[%clk 00:19:22]} {[%emt
00:01:26]} 30. Bf1 {[%clk 00:05:48]} {[%emt 00:01:29]} Ne5 {[%emt 00:01:08]}
31. Nxe5 {[%clk 00:05:57]} {[%emt 00:00:19]} Qxe5 {[%clk 00:18:39]} {[%emt
00:00:36]} 32. Bg2 {[%clk 00:04:48]} {[%emt 00:01:39]} f5 {[%clk 00:10:25]}
{[%emt 00:08:45]} 33. Qe3 {[%clk 00:03:36]} {[%emt 00:01:41]} fxe4 {[%clk
00:08:26]} {[%emt 00:02:29]} 34. Re2 {[%clk 00:03:29]} {[%emt 00:00:37]} Rd7
{[%clk 00:03:05]} {[%emt 00:05:51]} 35. Bxe4 {[%clk 00:03:10]} {[%emt
00:00:49]} Bxe4 {[%clk 00:03:30]} {[%emt 00:00:04]} 36. Qxe4 {[%clk 00:03:34]}
{[%emt 00:00:07]} Qxe4 {[%clk 00:03:48]} {[%emt 00:00:12]} 37. Rxe4 {[%clk
00:04:01]} {[%emt 00:00:03]} Bd4 {[%clk 00:03:58]} {[%emt 00:00:20]} 38. Kf1
{[%clk 00:04:04]} {[%emt 00:00:27]} Bc5 {[%clk 00:04:24]} {[%emt 00:00:04]} 39.
Ke2 {[%clk 00:02:46]} {[%emt 00:01:47]} Kf7 {[%clk 00:04:25]} {[%emt 00:00:29]}
40. h4 {[%clk 00:00:53]} {[%emt 00:02:23]} b6 {[%clk 00:04:17]} {[%emt
00:00:39]} 41. Kf3 {[%clk 00:25:22]} {[%emt 00:06:00]} Rd2 {[%clk 00:31:45]}
{[%emt 00:03:02]} 42. Re2 {[%clk 00:19:59]} {[%emt 00:05:52]} Rxe2 {[%clk
00:32:06]} {[%emt 00:00:10]} 43. Kxe2 {[%clk 00:20:24]} {[%emt 00:00:05]} Kf6
{[%clk 00:31:47]} {[%emt 00:00:50]} 44. Kf3 {[%clk 00:17:58]} {[%emt 00:02:55]}
Kf5 {[%clk 00:26:56]} {[%emt 00:05:22]} 45. g4+ {[%clk 00:12:51]} {[%emt
00:05:36]} Kf6 {[%clk 00:27:10]} {[%emt 00:00:17]} 46. Ke4 {[%clk 00:10:03]}
{[%emt 00:03:17]} h6 {[%clk 00:24:47]} {[%emt 00:02:53]} 47. f4 {[%clk
00:08:39]} {[%emt 00:01:54]} Ke6 {[%clk 00:23:33]} {[%emt 00:01:45]} 48. Rb2
{[%clk 00:07:03]} {[%emt 00:02:05]} Kf7 {[%clk 00:23:03]} {[%emt 00:01:01]} 49.
Rg2 {[%clk 00:06:08]} {[%emt 00:01:25]} Bd6 {[%clk 00:22:39]} {[%emt 00:00:54]}
50. h5 {[%clk 00:05:43]} {[%emt 00:00:54]} b5 {[%clk 00:22:34]} {[%emt
00:00:36]} 51. f5 {[%clk 00:04:44]} {[%emt 00:01:28]} g5 {[%clk 00:22:45]}
{[%emt 00:00:19]} 52. Kd5 {[%clk 00:04:56]} {[%emt 00:00:18]} b4 {[%clk
00:22:42]} {[%emt 00:00:34]} 53. Re2 {[%clk 00:05:04]} {[%emt 00:00:22]} Kg7
{[%clk 00:22:26]} {[%emt 00:00:45]} 54. Re6 {[%clk 00:04:22]} {[%emt 00:01:12]}
b3 {[%clk 00:20:48]} {[%emt 00:02:08]} 55. Re3 {[%clk 00:03:31]} {[%emt
00:01:22]} b2 {[%clk 00:20:36]} {[%emt 00:00:42]} 56. Rb3 {[%clk 00:03:55]}
{[%emt 00:00:06]} Ba3 {[%clk 00:21:05]} 57. Ke6 {[%clk 00:03:57]} {[%emt
00:00:27]} *

[Event "DVM U14 2021"]
[Site "Willingen GER"]
[Date "2022.08.13"]
[Round "2"]
[White "Herfurt, Manuel"]
[Black "Krüger, Arthur"]
[Result "0-1"]
[Termination "normal"]
[Board "2.2"]
[WhiteElo "1656"]
[BlackElo "1996"]
[WhiteClock "00:02:42"]
[BlackClock "00:28:56"]
[WhiteTeam "SC ML Kastellaun"]
[BlackTeam "Hamburger SK 1830"]
[PlyCount "82"]
[WhiteFideId "34623124"]
[BlackFideId "16244966"]
[EventCountry "GER"]
[EventRounds "7"]
[EventType "team-swiss"]
[EventDate "2022.08.12"]

1. d4 {[%clk 01:30:58]} {[%emt 00:00:01]} d5 {[%clk 01:30:51]} {[%emt
00:00:09]} 2. Nf3 {[%clk 01:30:56]} {[%emt 00:00:32]} Nf6 {[%clk 01:30:57]}
{[%emt 00:00:25]} 3. Bf4 {[%clk 01:31:00]} {[%emt 00:00:26]} e6 {[%clk
01:31:01]} {[%emt 00:00:24]} 4. e3 {[%clk 01:30:39]} {[%emt 00:00:52]} c5
{[%clk 01:30:56]} {[%emt 00:00:35]} 5. Be2 {[%clk 01:26:58]} {[%emt 00:04:11]}
Bd6 {[%clk 01:29:36]} {[%emt 00:01:49]} 6. Bxd6 {[%clk 01:25:58]} {[%emt
00:01:31]} Qxd6 {[%clk 01:29:42]} {[%emt 00:00:24]} 7. c3 {[%clk 01:23:20]}
{[%emt 00:03:09]} c4 {[%clk 01:25:35]} {[%emt 00:04:35]} 8. b3 {[%clk
01:16:22]} {[%emt 00:07:29]} cxb3 {[%clk 01:22:14]} {[%emt 00:03:51]} 9. axb3
{[%clk 01:14:40]} {[%emt 00:02:12]} O-O {[%clk 01:20:09]} {[%emt 00:02:32]} 10.
O-O {[%clk 01:13:54]} {[%emt 00:01:18]} Nbd7 {[%clk 01:15:54]} {[%emt
00:04:44]} 11. c4 {[%clk 01:05:08]} {[%emt 00:09:18]} b6 {[%clk 01:12:49]}
{[%emt 00:03:35]} 12. cxd5 {[%clk 01:02:35]} {[%emt 00:03:03]} exd5 {[%clk
01:09:23]} {[%emt 00:03:55]} 13. Nc3 {[%clk 01:00:03]} {[%emt 00:03:02]} a6
{[%clk 01:08:45]} {[%emt 00:01:08]} 14. Qc2 {[%clk 00:50:27]} {[%emt 00:10:06]}
Bb7 {[%clk 01:07:31]} {[%emt 00:01:44]} 15. Rfc1 {[%clk 00:49:42]} {[%emt
00:01:15]} Rfc8 {[%clk 01:07:07]} {[%emt 00:00:54]} 16. Qb2 {[%clk 00:47:14]}
{[%emt 00:02:59]} b5 {[%clk 01:06:20]} {[%emt 00:01:16]} 17. h3 {[%clk
00:40:50]} {[%emt 00:06:55]} Rc6 {[%clk 01:01:58]} {[%emt 00:04:51]} 18. Nd1
{[%clk 00:36:19]} {[%emt 00:05:02]} Rac8 {[%clk 00:59:30]} {[%emt 00:02:58]}
19. Rxc6 {[%clk 00:35:49]} {[%emt 00:01:00]} Qxc6 {[%clk 00:59:43]} {[%emt
00:00:16]} 20. Ne1 {[%clk 00:31:31]} {[%emt 00:04:48]} Qb6 {[%clk 00:53:41]}
{[%emt 00:06:32]} 21. Rc1 {[%clk 00:27:22]} {[%emt 00:04:39]} a5 {[%clk
00:49:58]} {[%emt 00:04:12]} 22. Rxc8+ {[%clk 00:26:11]} {[%emt 00:01:43]} Bxc8
{[%clk 00:50:26]} {[%emt 00:00:01]} 23. Qc2 {[%clk 00:25:30]} {[%emt 00:01:11]}
Bb7 {[%clk 00:48:24]} {[%emt 00:02:32]} 24. Nc3 {[%clk 00:22:52]} {[%emt
00:03:08]} Bc6 {[%clk 00:47:46]} {[%emt 00:01:07]} 25. Qd3 {[%clk 00:22:05]}
{[%emt 00:01:19]} b4 {[%clk 00:46:41]} {[%emt 00:01:35]} 26. Nb1 {[%clk
00:18:37]} {[%emt 00:03:58]} a4 {[%clk 00:44:03]} {[%emt 00:03:08]} 27. bxa4
{[%clk 00:18:43]} {[%emt 00:00:24]} Bxa4 {[%clk 00:43:48]} {[%emt 00:00:43]}
28. Qa6 {[%clk 00:17:24]} {[%emt 00:01:51]} Qxa6 {[%clk 00:44:04]} {[%emt
00:00:14]} 29. Bxa6 {[%clk 00:17:45]} {[%emt 00:00:09]} Ne4 {[%clk 00:38:17]}
{[%emt 00:06:17]} 30. Kf1 {[%clk 00:12:04]} {[%emt 00:06:10]} Nb6 {[%clk
00:35:52]} {[%emt 00:02:55]} 31. Bd3 {[%clk 00:11:26]} {[%emt 00:01:08]} Nc4
{[%clk 00:34:27]} {[%emt 00:01:55]} 32. Ke2 {[%clk 00:10:19]} {[%emt 00:01:37]}
Na3 {[%clk 00:33:32]} {[%emt 00:01:24]} 33. f3 {[%clk 00:06:36]} {[%emt
00:04:14]} Nxb1 {[%clk 00:30:30]} {[%emt 00:03:31]} 34. fxe4 {[%clk 00:06:12]}
{[%emt 00:00:55]} Nc3+ {[%clk 00:30:01]} {[%emt 00:00:59]} 35. Kd2 {[%clk
00:05:39]} {[%emt 00:01:02]} Nxe4+ {[%clk 00:28:26]} {[%emt 00:02:05]} 36. Bxe4
{[%clk 00:05:07]} {[%emt 00:01:03]} dxe4 {[%clk 00:28:43]} {[%emt 00:00:11]}
37. Nc2 {[%clk 00:05:01]} {[%emt 00:00:37]} Bxc2 {[%clk 00:28:05]} {[%emt
00:01:08]} 38. Kxc2 {[%clk 00:05:27]} {[%emt 00:00:04]} f5 {[%clk 00:28:26]}
{[%emt 00:00:09]} 39. Kb3 {[%clk 00:02:10]} {[%emt 00:03:47]} f4 {[%clk
00:28:23]} {[%emt 00:00:33]} 40. Kxb4 {[%clk 00:02:24]} {[%emt 00:00:17]} f3
{[%clk 00:28:38]} {[%emt 00:00:14]} 41. gxf3 {[%clk 00:02:42]} {[%emt
00:00:12]} exf3 {[%clk 00:28:56]} {[%emt 00:00:11]} 0-1

[Event "DVM U14 2021"]
[Site "Willingen GER"]
[Date "2022.08.13"]
[Round "2"]
[White "Kommessin, Felix"]
[Black "Sökler, Jakob"]
[Result "1-0"]
[Termination "normal"]
[Board "3.4"]
[WhiteElo "1536"]
[BlackElo "1571"]
[WhiteClock "00:22:02"]
[BlackClock "00:45:32"]
[WhiteTeam "SF Brackel 1930"]
[BlackTeam "Stuttgarter SF 1879"]
[PlyCount "39"]
[WhiteFideId "16294661"]
[BlackFideId "34630350"]
[EventCountry "GER"]
[EventRounds "7"]
[EventType "team-swiss"]
[EventDate "2022.08.12"]

1. e4 {[%clk 01:30:57]} {[%emt 00:00:02]} c6 {[%clk 01:30:55]} {[%emt
00:00:05]} 2. d4 {[%clk 01:31:23]} {[%emt 00:00:05]} d5 {[%clk 01:31:19]}
{[%emt 00:00:06]} 3. exd5 {[%clk 01:31:48]} {[%emt 00:00:05]} cxd5 {[%clk
01:31:46]} {[%emt 00:00:03]} 4. c4 {[%clk 01:32:11]} {[%emt 00:00:07]} Nf6
{[%clk 01:32:06]} {[%emt 00:00:10]} 5. Nc3 {[%clk 01:31:46]} {[%emt 00:00:55]}
g6 {[%clk 01:32:16]} {[%emt 00:00:20]} 6. Bg5 {[%clk 01:30:50]} {[%emt
00:01:25]} dxc4 {[%clk 01:24:56]} {[%emt 00:07:51]} 7. Bxc4 {[%clk 01:27:32]}
{[%emt 00:03:48]} Bg7 {[%clk 01:25:19]} {[%emt 00:00:06]} 8. Nf3 {[%clk
01:27:01]} {[%emt 00:01:02]} O-O {[%clk 01:25:23]} {[%emt 00:00:26]} 9. O-O
{[%clk 01:27:10]} {[%emt 00:00:21]} Bf5 {[%clk 01:16:56]} {[%emt 00:08:56]} 10.
Qd2 {[%clk 01:21:40]} {[%emt 00:06:00]} Ne4 {[%clk 01:11:54]} {[%emt 00:05:31]}
11. Nxe4 {[%clk 01:09:56]} {[%emt 00:12:15]} Bxe4 {[%clk 01:12:16]} {[%emt
00:00:08]} 12. Rfe1 {[%clk 01:10:02]} {[%emt 00:00:25]} Bxf3 {[%clk 00:58:57]}
{[%emt 00:13:48]} 13. Bxe7 {[%clk 01:08:01]} {[%emt 00:02:32]} Qc7 {[%clk
00:58:37]} {[%emt 00:00:49]} 14. Bxf8 {[%emt 00:01:46]} Bxf8 {[%clk 00:57:43]}
{[%emt 00:01:21]} 15. gxf3 {[%clk 01:00:04]} {[%emt 00:07:15]} Qxc4 {[%clk
00:58:01]} {[%emt 00:00:11]} 16. Rac1 {[%clk 00:42:50]} {[%emt 00:17:44]} Qd5
{[%clk 00:52:04]} {[%emt 00:06:26]} 17. Rc8 {[%clk 00:28:27]} {[%emt 00:14:54]}
Kg7 {[%clk 00:47:22]} {[%emt 00:05:12]} 18. Rxf8 {[%clk 00:27:32]} {[%emt
00:01:26]} Nc6 {[%clk 00:45:29]} {[%emt 00:02:23]} 19. Rxa8 {[%clk 00:23:30]}
{[%emt 00:04:32]} Nxd4 {[%clk 00:45:32]} {[%emt 00:00:26]} 20. Qc3 {[%clk
00:22:02]} {[%emt 00:01:58]} 1-0

[Event "DVM U14 2021"]
[Site "Willingen GER"]
[Date "2022.08.13"]
[Round "2"]
[White "Strauß, Florian"]
[Black "Lichtinger, Simon"]
[Result "0-1"]
[Termination "normal"]
[Board "8.2"]
[WhiteElo "1527"]
[BlackElo "1473"]
[WhiteClock "01:23:30"]
[BlackClock "01:26:33"]
[WhiteTeam "SV Multatuli Ingelheim"]
[BlackTeam "FC Ergolding 1932"]
[PlyCount "34"]
[WhiteFideId "16298047"]
[BlackFideId "16230442"]
[EventCountry "GER"]
[EventRounds "7"]
[EventType "team-swiss"]
[EventDate "2022.08.12"]

1. e4 {[%clk 01:30:58]} {[%emt 00:43:41]} d6 {[%clk 01:30:57]} {[%emt
00:00:04]} 2. d4 {[%clk 01:31:18]} {[%emt 00:00:10]} Nf6 {[%clk 01:31:22]}
{[%emt 00:00:04]} 3. Bd3 {[%clk 01:31:22]} {[%emt 00:00:26]} g6 {[%clk
01:31:45]} {[%emt 00:00:07]} 4. Ne2 {[%clk 01:31:18]} {[%emt 00:00:34]} Bg7
{[%clk 01:32:00]} {[%emt 00:00:15]} 5. Nbc3 {[%clk 01:31:00]} {[%emt 00:00:48]}
O-O {[%clk 01:31:49]} {[%emt 00:00:41]} 6. Be3 {[%clk 01:30:17]} {[%emt
00:01:12]} Ng4 {[%clk 01:31:01]} {[%emt 00:01:19]} 7. Bf4 {[%clk 01:29:53]}
{[%emt 00:00:54]} e5 {[%clk 01:29:56]} {[%emt 00:01:35]} 8. dxe5 {[%clk
01:28:45]} {[%emt 00:01:38]} dxe5 {[%clk 01:30:17]} {[%emt 00:00:09]} 9. Bg3
{[%clk 01:28:18]} {[%emt 00:00:56]} Re8 {[%clk 01:28:23]} {[%emt 00:02:24]} 10.
h3 {[%clk 01:28:04]} {[%emt 00:00:44]} Nf6 {[%clk 01:28:40]} {[%emt 00:00:13]}
11. O-O {[%clk 01:28:13]} {[%emt 00:00:21]} c6 {[%clk 01:28:29]} {[%emt
00:00:42]} 12. Bc4 {[%clk 01:26:51]} {[%emt 00:01:52]} Qxd1 {[%clk 01:26:47]}
{[%emt 00:02:12]} 13. Raxd1 {[%clk 01:25:23]} b5 {[%clk 01:26:59]} {[%emt
00:02:16]} 14. Bb3 {[%clk 01:25:16]} {[%emt 00:00:37]} b4 {[%clk 01:27:21]}
{[%emt 00:00:08]} 15. Na4 {[%clk 01:24:18]} {[%emt 00:01:28]} Nxe4 {[%clk
01:27:01]} {[%emt 00:00:50]} 16. f3 {[%clk 01:23:57]} {[%emt 00:00:51]} Ba6
{[%clk 01:26:19]} {[%emt 00:01:13]} 17. Rfe1 {[%clk 01:23:30]} {[%emt
00:00:56]} Bxe2 {[%clk 01:26:33]} {[%emt 00:00:17]} 0-1